El ayer tiene mucho qué decir / (Registro nro. 23680)
[ vista simple ]
| 000 -CABECERA | |
|---|---|
| campo de control de longitud fija | 00718nam a2200229 a 4500 |
| 001 - NÚMERO DE CONTROL | |
| campo de control | 000024186 |
| 005 - FECHA Y HORA DE LA ÚLTIMA TRANSACCIÓN | |
| campo de control | 20200930022806.0 |
| 008 - DATOS DE LONGITUD FIJA--INFORMACIÓN GENERAL | |
| campo de control de longitud fija | 110120s1973 xxua r 000 | spa d |
| 040 ## - FUENTE DE LA CATALOGACIÓN | |
| Centro catalogador/agencia de origen | DO-SdBNP |
| Lengua de catalogación | spa |
| Centro/agencia transcriptor | BNPHU |
| 082 ## - NÚMERO DE LA CLASIFICACIÓN DECIMAL DEWEY | |
| Número de clasificación | xxx |
| Número de documento/Ítem | L673a |
| 049 ## - FONDOS LOCALES (OCLC) | |
| Fondos de biblioteca | BNGR |
| 100 1# - ENTRADA PRINCIPAL--NOMBRE DE PERSONA | |
| Nombre de persona | Lewis, Ralph M. |
| 9 (RLIN) | 41888 |
| 245 13 - MENCIÓN DE TÍTULO | |
| Título | El ayer tiene mucho qué decir / |
| Mención de responsabilidad, etc. | Ralph M. Lewis. |
| 250 ## - MENCIÓN DE EDICIÓN | |
| Mención de edición | 2a ed. |
| 260 ## - PUBLICACIÓN, DISTRIBUCIÓN, ETC. | |
| Lugar de publicación, distribución, etc. | San José, California : |
| Nombre del editor, distribuidor, etc. | Gran Logia Suprema de Amorc, |
| Fecha de publicación, distribución, etc. | 1973. |
| 300 ## - DESCRIPCIÓN FÍSICA | |
| Extensión | 405 p. : |
| -- | il. ; |
| -- | 20 cm. |
| 490 1# - MENCIÓN DE SERIE | |
| Mención de serie | Rosicrucian library |
| Designación de volumen o secuencia | 32 |
| 500 ## - NOTA GENERAL | |
| Nota general | Incluye referencias bibliográficas |
| 500 ## - NOTA GENERAL | |
| Nota general | Incluye glosario de términos |
| 710 2# - PUNTO DE ACCESO ADICIONAL--NOMBRE DE ENTIDAD CORPORATIVA | |
| Nombre de entidad corporativa o nombre de jurisdicción como elemento de entrada | Biblioteca Rosacruz |
| 9 (RLIN) | 49670 |
| 830 #0 - PUNTO DE ACCESO ADICIONAL DE SERIE-TÍTULO UNIFORME | |
| Título uniforme | Rosicrucian library, |
| Designación de volumen o secuencia | 32 |
| 9 (RLIN) | 49671 |
| Estado de retiro | Estado de pérdida | Restricciones de uso | No para préstamo | Código de colección | Localización permanente | Ubicación/localización actual | Ubicación en estantería | Fecha de adquisición | Número de inventario | Total de préstamos | Signatura topográfica completa | Código de barras | Fecha visto por última vez | Precio válido a partir de | Tipo de ítem Koha |
|---|---|---|---|---|---|---|---|---|---|---|---|---|---|---|---|
| Excluido de préstamo | Monografías: Libros y Folletos | General | General | En catalogación | 20.01.2011 | LF1 | xxx L673a | 24186-10 | 25.06.2020 | 25.06.2020 | No se presta |
